| 000 | 00553nam a22001817a 4500 | ||
|---|---|---|---|
| 005 | 20251129164306.0 | ||
| 008 | 251129b |||||||| |||| 00| 0 eng d | ||
| 020 | _a9780582251649 | ||
| 050 |
_aTA405 _b.B484 |
||
| 100 | _aBenham, P. P. | ||
| 245 |
_aMechanics of Engineering Materials _cP. P. Benham, R. J. Crawford & C. G. Armstrong |
||
| 250 | _a2nd ed. | ||
| 260 |
_aHarlow, England _bPearson Prentice Hall _c1996 |
||
| 300 |
_axiii. 627p. _bill. _c24.5cm |
||
| 700 | _aCrawford, R. J. | ||
| 700 | _aArmstrong, C. G. | ||
| 942 |
_2lcc _cBK _e2nd ed. _n0 |
||
| 999 |
_c8464 _d8464 |
||